[Event "Solingen-ch 2023"]
[Site "Solingen"]
[Date "2023.10.13"]
[Round "4.7"]
[White "Speck, Stefan"]
[Black "Boschek, Hans-Joachim"]
[Result "1/2-1/2"]
[WhiteElo "1866"]
[BlackElo "1946"]
[PlyCount "39"]
[EventDate "2023.??.??"]
[WhiteTeam "SG Solingen"]
[BlackTeam "SG Solingen"]

1. e4 c5 2. Nf3 e6 3. c3 d5 4. e5 d4 5. Bd3 Nc6 6. Qe2 Nge7 7. O-O Ng6 8. g3 Be7 9. Re1 Bd7 10. h4 Bxh4 11. Nxh4 Nxh4 12. gxh4 Qxh4 13. Qe4 Qh5 14. Qh1 Qg5+ 15. Qg2 Nxe5 16. Be4 Qh5 17. Qh1 Qg4+ 18. Qg2 Qh5 19. Qh1 Qg4+ 20. Qg2 1/2-1/2

[Event "Solingen-ch 2023"]
[Site "Solingen"]
[Date "2023.10.13"]
[Round "4.8"]
[White "Vranidis, Athanassios"]
[Black "Fränzel, Marius"]
[Result "1/2-1/2"]
[WhiteElo "1894"]
[BlackElo "1757"]
[PlyCount "26"]
[EventDate "2023.??.??"]
[WhiteTeam "SG Solingen"]
[BlackTeam "SG Solingen"]

1. d4 d5 2. c4 c6 3. cxd5 cxd5 4. Nf3 Nf6 5. Nc3 Nc6 6. Bf4 a6 7. e3 Bf5 8. Bd3 Bg6 9. a3 e6 10. O-O Bd6 11. Bxd6 Qxd6 12. Rc1 Rc8 13. h3 O-O 1/2-1/2

[Event "Solingen-ch 2023"]
[Site "Solingen"]
[Date "2023.10.13"]
[Round "4.9"]
[White "Boos, Markus"]
[Black "Dhanasekaran Meenambigai, Diya"]
[Result "1-0"]
[WhiteElo "2130"]
[BlackElo "1345"]
[PlyCount "113"]
[EventDate "2023.??.??"]
[WhiteTeam "Elberfelder SG"]
[BlackTeam "SG Solingen"]

1. Nf3 d5 2. g3 Nf6 3. Bg2 g6 4. c4 c6 5. b3 Bg7 6. Bb2 O-O 7. O-O e6 8. Qc2 Nbd7 9. d4 Re8 10. Nbd2 b6 11. e4 dxe4 12. Nxe4 Nxe4 13. Qxe4 Bb7 14. Rad1 Nf6 15. Qf4 Rc8 16. Rd2 Qc7 17. Qh4 h5 18. d5 Qe7 19. d6 Qd8 20. d7 Nxd7 21. Bxg7 Kxg7 22. Qxd8 Rexd8 23. Rfd1 Rc7 24. Ne5 Bc8 25. Nxc6 Re8 26. Rd6 Nf6 27. b4 Bb7 28. b5 e5 {(=)} 29. Rd8 Rxd8 30. Rxd8 a5 31. Nxe5 Bxg2 32. Kxg2 Rc5 33. f4 Ng4 34. Nxg4 hxg4 35. Rd4 Kf6 36. h4 Ke6 37. Kf2 f6 38. Ke3 f5 39. Kd3 Rc7 40. Rd5 Rc5 41. Rxc5 bxc5 42. Kc3 Kd7 43. Kb3 Kc7 44. Ka4 Kb6 45. a3 Kb7 46. Kxa5 Ka7 47. b6+ Kb7 48. Kb5 Kb8 49. Kc6 Kc8 50. a4 Kb8 51. a5 Kc8 52. a6 Kb8 53. a7+ Ka8 54. Kc7 g5 55. b7+ Kxa7 56. b8=Q+ Ka6 57. Qb6# 1-0

[Event "Solingen-ch 2023"]
[Site "Solingen"]
[Date "2023.10.13"]
[Round "4.10"]
[White "Loriguillo Gonzalez, Gregorio"]
[Black "Atar, Efecan"]
[Result "1/2-1/2"]
[WhiteElo "1847"]
[BlackElo "1557"]
[PlyCount "28"]
[EventDate "2023.??.??"]
[WhiteTeam "SG Solingen"]
[BlackTeam "SG Solingen"]

1. e4 e6 2. d4 d5 3. exd5 exd5 4. Nf3 Bd6 5. c4 Nf6 6. Nc3 dxc4 7. Bxc4 O-O 8. O-O Bg4 9. h3 Bh5 10. Nb5 Nc6 11. Be3 Re8 12. Nxd6 Qxd6 13. Be2 Rad8 14. Rc1 Nd5 1/2-1/2

[Event "Solingen-ch 2023"]
[Site "Solingen"]
[Date "2023.10.13"]
[Round "4.11"]
[White "Gülcan, Batuhan Ege"]
[Black "Fetahovic, Dzenan"]
[Result "1-0"]
[WhiteElo "1583"]
[BlackElo "1828"]
[PlyCount "131"]
[EventDate "2023.??.??"]
[WhiteTeam "SG Solingen"]
[BlackTeam "SG Solingen"]

1. d4 d5 2. c4 e6 3. Nc3 Nc6 4. Nf3 Nf6 5. Bg5 Be7 6. e3 O-O 7. Rc1 h6 8. Bh4 b6 9. a3 Bb7 10. Qc2 Na5 11. cxd5 exd5 12. Be2 Rc8 13. O-O Ne8 14. Bxe7 Qxe7 15. b4 Nc4 16. Nxd5 Bxd5 17. Bxc4 Bxf3 18. gxf3 Nd6 19. Ba6 Rcd8 20. Qxc7 Rd7 21. Qc2 Qf6 22. Be2 Nf5 23. Qe4 Re7 24. Qd5 Nxd4 25. Qxd4 Qxd4 26. exd4 Rxe2 27. Ra1 Rd8 28. Rfd1 Rb2 29. Rd3 a5 30. bxa5 bxa5 31. Rc1 Rb5 32. Rc2 f6 33. Kg2 Kf7 34. Rc7+ Kg6 35. Kg3 Rbd5 36. Rc4 Kf5 37. Ra4 R8d7 38. Rc3 Rb5 39. Rc5+ Rd5 40. Rxb5 Rxb5 41. h4 Rd5 42. Rc4 Ke6 43. f4 h5 44. Ra4 Rb5 45. f3 Rd5 46. Rc4 Kf5 47. Rc7 g6 48. Rc6 a4 49. Rc4 Ra5 50. d5 g5 51. fxg5 fxg5 52. hxg5 Kxg5 53. d6 Kf6 54. Re4 Rd5 55. Rxa4 Rxd6 56. Ra8 Rd1 57. a4 Rg1+ 58. Kh2 Rg7 59. a5 Kf5 60. a6 Kg5 61. Kh3 Rf7 62. a7 Kf4 63. Kh4 Kxf3 64. Kxh5 Rf5+ 65. Kg6 Kg4 66. Rb8 1-0

[Event "Solingen-ch 2023"]
[Site "Solingen"]
[Date "2023.10.13"]
[Round "4.12"]
[White "Fetahovic, Sarah"]
[Black "Linke, Marius"]
[Result "1-0"]
[WhiteElo "1550"]
[BlackElo "1753"]
[PlyCount "47"]
[EventDate "2023.??.??"]
[WhiteTeam "SG Solingen"]
[BlackTeam "SG Solingen"]

1. e4 e6 2. d4 d5 3. exd5 exd5 4. Bd3 Bd6 5. Nf3 Ne7 6. Nc3 c6 7. O-O O-O 8. Re1 Bf5 9. Ne2 Qc7 10. Ng3 Bg6 11. Ne5 Bxd3 12. Qxd3 Nd7 13. f4 f6 14. Ng4 Rfe8 15. f5 Nf8 16. Nh5 Kf7 17. Bh6 Bxh2+ 18. Kh1 g6 19. fxg6+ hxg6 20. Nhxf6 Red8 21. Nxh2 Kxf6 22. Qf3+ Nf5 23. g4 Qg3 24. Rf1 1-0

[Event "Solingen-ch 2023"]
[Site "Solingen"]
[Date "2023.10.13"]
[Round "4.13"]
[White "Schüller, Reinhard"]
[Black "Shivkumar, Siddharth"]
[Result "0-1"]
[WhiteElo "1356"]
[BlackElo "1729"]
[PlyCount "104"]
[EventDate "2023.??.??"]
[WhiteTeam "SG Solingen"]
[BlackTeam "SG Solingen"]

1. e4 c6 2. d4 d5 3. e5 c5 4. Nc3 Nc6 5. Bb5 Bf5 6. Nf3 e6 7. Be3 Qb6 8. a4 a6 9. a5 Qc7 10. Ba4 c4 11. Bd2 Nge7 12. O-O Bg4 13. h3 Bxf3 14. Qxf3 Nf5 15. Ne2 Be7 16. Bxc6+ {(=)} bxc6 17. c3 Rb8 18. Rfb1 Rb5 19. Ng3 Nh4 20. Qg4 Ng6 21. Bg5 Bxg5 22. Qxg5 Rxa5 23. Nh5 Rg8 24. Rxa5 Qxa5 25. b4 Qb6 26. Ra1 {(=)} h6 27. Qc1 Kd7 28. Qa3 Ra8 29. Nxg7 Nf4 30. Kh2 Qd8 31. g3 Nd3 32. Nh5 Qb6 33. Nf6+ Kc7 34. Kg2 Qb5 35. Qa5+ Qxa5 36. Rxa5 Nc1 37. Kf3 Kb7 38. Ke3 Nb3 39. Ra3 Rd8 40. h4 Kb6 41. h5 a5 42. bxa5+ Nxa5 43. Ng4 Rh8 {(=)} 44. Nf6 Rd8 45. Ra2 Nb3 46. Rb2 c5 47. f4 cxd4+ 48. cxd4 Kb5 49. Ng4 Rh8 50. Nf6 Kb4 51. Rc2 Ra8 52. Ke2 Nxd4+ 0-1

[Event "Solingen-ch 2023"]
[Site "Solingen"]
[Date "2023.10.13"]
[Round "4.15"]
[White "Steinbach, Wolfgang"]
[Black "Pernizki, Max"]
[Result "0-1"]
[WhiteElo "1914"]
[BlackElo "1466"]
[PlyCount "170"]
[EventDate "2023.??.??"]
[WhiteTeam "SG Solingen"]
[BlackTeam "SG Solingen"]

1. Nf3 Nf6 2. c4 c5 3. d4 cxd4 4. Nxd4 b6 5. Nc3 Bb7 6. Qc2 e6 7. Bg5 Be7 8. e4 e5 9. Nf5 O-O 10. Nxe7+ Qxe7 11. Nd5 Bxd5 12. cxd5 Qb4+ 13. Kd1 Nxe4 14. Be3 Nf6 15. Bd3 e4 16. Be2 Qd6 17. Bc4 Nxd5 18. Ke2 Nxe3 19. fxe3 Qe5 20. Rad1 Qh5+ 21. Ke1 Qg4 22. Rf1 Nc6 23. Rf4 Qg5 24. Rd5 Nb4 25. Rxg5 Nxc2+ 26. Kd2 Nb4 27. Rxe4 Nc6 28. h4 Rad8 29. Ke2 d6 30. Rd5 Nb4 31. Rd2 Nc6 32. Bb5 d5 33. Ra4 Rd6 34. Bxc6 Rxc6 35. Rxa7 Rd8 36. Ra6 Kf8 37. a4 Ke7 38. a5 Rdd6 39. Ra7+ Ke6 40. a6 b5 41. Rb7 Rxa6 42. Rxb5 Rab6 43. Rxb6 Rxb6 44. Kf3 Rb4 45. g3 h5 46. Rc2 Kd6 47. Rd2 Ke5 48. Rc2 Kd6 49. Rg2 g6 50. Rc2 Kd7 51. Ke2 f6 52. Kd3 Kd6 53. Kc3 Re4 54. Re2 Kc5 55. Kd3 g5 56. Rh2 g4 57. Rf2 Rb4 58. Kc3 Re4 59. Kd3 Rb4 60. Rc2+ Rc4 61. Rxc4+ dxc4+ 62. Kc3 Kd5 63. e4+ Kxe4 64. Kxc4 Kf3 65. b4 Kxg3 66. b5 Kxh4 67. b6 g3 68. b7 g2 69. b8=Q g1=Q 70. Kd5 Qg4 71. Qf8 f5 72. Qf6+ Qg5 73. Qb6 f4+ 74. Ke4 Qg4 75. Qf2+ Kg5 76. Qc5+ Kh4 77. Qf2+ Kh3 78. Ke5 Qg3 79. Qf1+ Kg4 80. Qd1+ f3+ 81. Ke6 h4 82. Qd4+ Kh3 83. Kd5 Kg2 84. Qd2+ f2 85. Qe2 Kg1 0-1

[Event "Solingen-ch 2023"]
[Site "Solingen"]
[Date "2023.10.13"]
[Round "4.18"]
[White "Shivkumar, Shreyas"]
[Black "Littek, Oliver"]
[Result "0-1"]
[WhiteElo "1402"]
[BlackElo "1563"]
[PlyCount "172"]
[EventDate "2023.??.??"]
[WhiteTeam "SG Solingen"]
[BlackTeam "SG Solingen"]

1. e4 e5 2. Nc3 Nf6 3. f4 d5 4. fxe5 Nxe4 5. Qf3 Nxc3 6. bxc3 Qh4+ 7. g3 Qe4+ 8. Qxe4 dxe4 9. Bg2 Nd7 10. Bxe4 Nxe5 11. Ne2 Bd6 12. O-O O-O 13. d4 Ng6 14. Bxg6 hxg6 15. Bf4 Bxf4 16. Nxf4 Bf5 17. Nd5 Bxc2 18. Nxc7 Rac8 19. Nd5 Rfe8 20. Rac1 Be4 21. Ne3 Bd3 22. Rfe1 Re4 23. Nd5 Rxe1+ 24. Rxe1 Kf8 25. a3 Re8 26. Rxe8+ Kxe8 27. Kf2 Kd7 28. Ke3 Bc4 29. Ke4 Kd6 30. Ne3 f5+ 31. Kf4 Bf7 32. h4 b5 33. h5 gxh5 34. Nxf5+ Kd5 35. Ne3+ Ke6 36. Nf5 Kd5 37. Ne3+ Ke6 38. d5+ Kd6 39. Ke4 g5 40. Kd4 Bg6 41. c4 bxc4 42. Nxc4+ Ke7 43. d6+ Kd8 44. Ne5 Be8 45. Kd5 h4 46. Ke4 h3 47. Ke3 Bd7 48. Nf3 g4 49. Nh2 Kc8 50. Kd4 Kb7 51. Kc5 Ka6 52. Nf1 Ka5 53. Kd5 Ka4 54. Ke5 Kxa3 55. Kf6 a5 56. Ke7 Bf5 57. d7 Bxd7 58. Kxd7 Kb2 59. Ke6 a4 60. Kf5 a3 61. Kxg4 a2 62. Kxh3 a1=Q 63. Nh2 Qa5 64. g4 Qg5 65. Nf3 Qg7 66. g5 Kc2 67. Kg4 Kd3 68. Nh4 Ke4 69. Kh5 Kf4 70. Ng6+ Kf5 71. Nh4+ Ke6 72. Nf3 Qh7+ 73. Kg4 Qe4+ 74. Kg3 Kf5 75. Nh4+ Kxg5 76. Nf3+ Kf5 77. Nh4+ Ke6 78. Nf3 Kd5 79. Kf2 Kc5 80. Kg3 Kb4 81. Kf2 Kc3 82. Kg3 Kd3 83. Ng5 Qc4 84. Nf3 Ke2 85. Ne5 Qd4 86. Nf3 Qe3 0-1

[Event "Solingen-ch 2023"]
[Site "Solingen"]
[Date "2023.10.13"]
[Round "4.21"]
[White "Wawi, Bilal Alexander"]
[Black "Neumair, Dorian"]
[Result "0-1"]
[WhiteElo "1428"]
[BlackElo "1521"]
[PlyCount "36"]
[EventDate "2023.??.??"]
[WhiteTeam "SG Solingen"]
[BlackTeam "SC Erkrath 1973"]

1. e4 e5 2. Nf3 Nc6 3. Bc4 Bc5 4. b4 Bxb4 5. c3 Be7 6. d4 exd4 7. cxd4 d6 8. Qb3 Na5 9. Bxf7+ Kf8 10. Qd5 c6 11. Qh5 Nf6 12. Qh4 Kxf7 13. O-O h6 14. e5 g5 15. Bxg5 hxg5 16. Nxg5+ Kg6 17. Qg3 Nh5 18. Qd3+ Bf5 0-1

[Event "Solingen-ch 2023"]
[Site "Solingen"]
[Date "2023.10.27"]
[Round "5.1"]
[White "Waagener, Ulrich"]
[Black "Kovalyov, Dima"]
[Result "1-0"]
[WhiteElo "2093"]
[BlackElo "1588"]
[PlyCount "81"]
[EventDate "2023.??.??"]
[WhiteTeam "SG Solingen"]
[BlackTeam "SG Solingen"]

1. e4 c6 2. Nc3 d5 3. Nf3 dxe4 4. Nxe4 Nf6 5. Qe2 Nxe4 6. Qxe4 Nd7 7. Bc4 e6 8. d4 Nf6 9. Qe2 b5 10. Bb3 a5 11. c3 a4 12. Bc2 a3 13. b4 Nd5 14. Qd3 Bd6 15. O-O Bf4 16. Re1 Qf6 17. g3 Bd6 18. Ng5 h6 19. Ne4 Qe7 20. Bd2 h5 21. Re2 h4 22. Rae1 hxg3 23. fxg3 Bb8 24. Qf3 e5 25. dxe5 Ba7+ 26. Kh1 Be6 27. Bg5 Qd7 28. Nd6+ Kf8 29. Bf5 Nc7 30. Bxe6 Nxe6 31. Be3 Bxe3 32. Qxe3 Ra7 33. Rf2 Rh5 34. Ref1 Ng5 35. Rf5 g6 36. Rxg5 Qh3 37. Rf2 Rxg5 38. Qxg5 Qe6 39. Qf6 Qd5+ 40. Kg1 Qd1+ 41. Rf1 1-0

[Event "Solingen-ch 2023"]
[Site "Solingen"]
[Date "2023.10.27"]
[Round "5.2"]
[White "Mänken, Merlin"]
[Black "Bilenko, Yaroslav"]
[Result "1-0"]
[WhiteElo "1895"]
[BlackElo "2098"]
[PlyCount "41"]
[EventDate "2023.??.??"]
[WhiteTeam "Elberfelder SG"]
[BlackTeam "SF Gerresheim 86"]

1. d4 Nf6 2. c4 e6 3. Nf3 c5 4. Nc3 cxd4 5. Nxd4 Nc6 6. g3 Qb6 7. Ndb5 Bc5 8. e3 O-O 9. Bd2 Ne5 10. Rg1 a6 11. Na4 Qc6 12. Bg2 d5 13. Nbc3 Nxc4 14. Rc1 b5 15. Nxc5 Qxc5 16. b3 Ne5 17. Nxd5 Nd3+ 18. Kf1 Nxc1 19. Bb4 Qa7 20. Nxf6+ gxf6 21. Qg4+ 1-0

[Event "Solingen-ch 2023"]
[Site "Solingen"]
[Date "2023.10.27"]
[Round "5.3"]
[White "Kniest, Oliver"]
[Black "Kushchan, Eduard"]
[Result "1-0"]
[WhiteElo "2244"]
[BlackElo "2029"]
[PlyCount "81"]
[EventDate "2023.??.??"]
[WhiteTeam "SG Solingen"]
[BlackTeam "SG Solingen"]

1. e4 c5 2. Nf3 d6 3. d3 Nc6 4. g3 g6 5. Bg2 Bg7 6. O-O Nf6 7. Nbd2 Rb8 8. c3 O-O 9. Re1 e5 10. a3 b5 11. b4 Nd7 12. Nb3 a5 13. bxa5 Nxa5 14. Rb1 Nc6 15. d4 c4 16. Na1 exd4 17. Nxd4 Nxd4 18. cxd4 Qa5 19. Nc2 Nb6 20. Bf4 Rd8 21. Qd2 Qxd2 22. Bxd2 Na4 23. Ba5 Rd7 24. Bf1 Rdb7 25. Bb4 Rb6 26. Bg2 Be6 27. f4 Rc8 28. Kf2 h5 29. Ke3 Bf8 30. Rf1 c3 31. d5 Bd7 32. Rfc1 Bg7 33. Bf1 f5 34. Nd4 Re8 35. Bg2 fxe4 36. Bxc3 Nxc3 37. Rxc3 Reb8 38. Rc7 R8b7 39. Rxb7 Rxb7 40. Bxe4 Kf7 41. Bd3 {ZÜ} 1-0

[Event "Solingen-ch 2023"]
[Site "Solingen"]
[Date "2023.10.27"]
[Round "5.4"]
[White "Zolfagharian, Kevin"]
[Black "Koshel, Stanislav"]
[Result "1-0"]
[WhiteElo "2233"]
[BlackElo "1801"]
[PlyCount "101"]
[EventDate "2023.??.??"]
[WhiteTeam "SG Solingen"]
[BlackTeam "SG Solingen"]

1. Nf3 d5 2. g3 Nd7 3. d4 Nb6 4. a4 a5 5. Bg2 Nf6 6. O-O Bf5 7. Nbd2 h6 8. Ne5 e6 9. Nb3 Nbd7 10. c4 c6 11. cxd5 cxd5 12. Bf4 Be7 13. Rc1 Qb6 14. Nd3 O-O 15. Bc7 Qa7 16. Ndc5 Nb6 17. Nd2 Rfc8 18. Bxb6 {(=)} Qxb6 19. e4 dxe4 20. Ndxe4 Nxe4 21. Nxe4 Rxc1 22. Qxc1 Qxd4 23. Nc3 Qb4 24. Rd1 Rd8 25. Rxd8+ Bxd8 26. Qd2 Bf6 27. h3 b6 28. g4 Bg6 29. Bc6 Qd4 30. Qe2 Bd3 31. Qf3 Bc2 32. Bb5 Qb4 33. Qa8+ Kh7 34. Be8 Qe7 35. Ne4 Bxb2 36. Qc6 Bd3 37. Nd6 Bd4 38. Ne4 e5 39. Bd7 g6 40. Nf6+ Kg7 41. Ne8+ Kh8 42. Qa8 Qf8 43. Qc6 Qe7 44. Qa8 Kh7 45. Qc6 e4 46. Qd5 Bc5 47. h4 Bc2 48. g5 e3 49. Nf6+ Kg7 50. gxh6+ Kxh6 51. Ng8+ 1-0

[Event "Solingen-ch 2023"]
[Site "Solingen"]
[Date "2023.10.27"]
[Round "5.5"]
[White "Fränzel, Marius"]
[Black "Boos, Markus"]
[Result "0-1"]
[WhiteElo "1757"]
[BlackElo "2127"]
[PlyCount "86"]
[EventDate "2023.??.??"]
[WhiteTeam "SG Solingen"]
[BlackTeam "Elberfelder SG"]

1. e4 c6 2. d4 d5 3. exd5 cxd5 4. c4 Nf6 5. Nc3 g6 6. Nf3 Bg7 7. Be3 O-O 8. Be2 Nc6 9. Rc1 dxc4 10. Bxc4 a6 11. a3 Bg4 12. Be2 Nd5 13. Nxd5 Qxd5 14. O-O Rad8 15. h3 Bc8 16. Rc5 Qxc5 17. dxc5 Rxd1 18. Rxd1 Bxb2 19. Bc1 Bf6 20. Be3 Bf5 21. g4 Bc8 22. Kg2 Bb2 23. Bc1 Bc3 24. Rd3 Bg7 25. Be3 Be6 26. Rd1 Rd8 27. Rb1 Rd7 28. Rb6 Bd5 29. Kg3 Na5 30. Bxa6 h6 31. Be2 {(=)} Nc6 32. Nd2 e5 33. Bf3 f5 34. Bxd5+ Rxd5 35. f4 exf4+ 36. Kxf4 g5+ 37. Kf3 f4 38. Bxf4 gxf4 39. Ne4 Be5 40. Rxb7 Rd3+ 41. Kg2 f3+ 42. Kf1 Bd4 43. Nf2 Rd2 0-1

[Event "Solingen-ch 2023"]
[Site "Solingen"]
[Date "2023.10.27"]
[Round "5.6"]
[White "Boschek, Hans-Joachim"]
[Black "Bauer, Matthias"]
[Result "1/2-1/2"]
[WhiteElo "1946"]
[BlackElo "1637"]
[PlyCount "74"]
[EventDate "2023.??.??"]
[WhiteTeam "SG Solingen"]
[BlackTeam "SV Günnigfeld 1922"]

1. c4 Nf6 2. Nc3 g6 3. e4 d6 4. g3 Bg7 5. Bg2 c6 6. Nge2 O-O 7. O-O e5 8. h3 Be6 9. d3 Qc8 10. Kh2 Nh5 11. Be3 f5 12. exf5 gxf5 13. f4 Nd7 14. Qd2 Kh8 15. b3 Qe8 16. Rad1 Qg6 17. Qe1 Bh6 18. d4 Rg8 19. d5 cxd5 20. Bxd5 exf4 21. Nxf4 Nxf4 22. Bxf4 Bxf4 23. Rxf4 Bxd5 24. Nxd5 Rae8 25. Qf2 Re5 26. Rf1 Rge8 27. Qd4 Kg8 28. R1f2 Nc5 29. g4 Ne4 30. Rg2 Ng5 31. Qf2 Qh6 32. Qg3 Re1 33. gxf5 Kf7 34. Rh4 Qxh4 35. Qxh4 Nf3+ 36. Kg3 Nxh4 37. Kxh4 R1e4+ 1/2-1/2

[Event "Solingen-ch 2023"]
[Site "Solingen"]
[Date "2023.10.27"]
[Round "5.7"]
[White "Shivkumar, Siddharth"]
[Black "Speck, Stefan"]
[Result "1-0"]
[WhiteElo "1729"]
[BlackElo "1866"]
[PlyCount "49"]
[EventDate "2023.??.??"]
[WhiteTeam "SG Solingen"]
[BlackTeam "SG Solingen"]

1. e4 c5 2. c3 d5 3. exd5 Qxd5 4. d4 g6 5. Na3 Bg7 6. Nf3 cxd4 7. Nb5 Na6 8. Nbxd4 Nc7 9. Be3 Nh6 10. Nb5 Qxd1+ 11. Rxd1 Na6 12. Nxa7 O-O 13. Nxc8 Rfxc8 14. Bxa6 Rxa6 15. a3 Nf5 16. O-O Nxe3 17. fxe3 Rb6 18. Rf2 Re6 19. Rd3 Bh6 20. Re2 f5 21. Kf2 Rc4 22. Rd4 Rc7 23. e4 Bg7 24. Rd8+ Kf7 25. Ng5+ 1-0

[Event "Solingen-ch 2023"]
[Site "Solingen"]
[Date "2023.10.27"]
[Round "5.8"]
[White "Walczewski, Christopher"]
[Black "Gülcan, Batuhan Ege"]
[Result "1/2-1/2"]
[WhiteElo "1796"]
[BlackElo "1583"]
[PlyCount "161"]
[EventDate "2023.??.??"]
[WhiteTeam "MTV Langenberg"]
[BlackTeam "SG Solingen"]

1. e4 e5 2. Nc3 Nf6 3. f4 d5 4. fxe5 Nxe4 5. Qf3 Nxc3 6. bxc3 c6 7. Qg3 Nd7 8. d4 Qe7 9. Bd3 Nb6 10. Nf3 Na4 11. Bd2 h6 12. O-O Be6 13. Nh4 Nb2 14. Nf5 Qd7 15. Rab1 Nxd3 16. Qxd3 Bxf5 17. Qxf5 Qxf5 18. Rxf5 g6 19. Rf3 b5 20. Rbf1 Rh7 21. Rf6 Rc8 22. Kf2 Be7 {(=)} 23. Rf3 h5 24. Ke2 a5 25. g3 a4 26. h4 Rc7 27. Rh1 Bd8 28. Bf4 Re7 29. Kd3 Re6 {(=)} 30. Rhf1 Be7 31. Bc1 Kf8 32. Ke2 f5 33. Rh1 Ke8 34. Bf4 Kd7 35. Rb1 Rh8 36. Ke3 Kc7 37. Rff1 Rd8 38. Kf3 Kc8 39. Rfe1 Kc7 40. Bh6 Rh8 41. Bd2 Kb7 42. Rh1 Rd8 43. Rbf1 Rh8 44. Ke2 Ka6 45. Kd1 Rd8 46. Kc1 Rh8 47. Kb2 Rd8 48. Bg5 Bxg5 49. hxg5 Ka5 {(=)} 50. a3 Rc8 51. Rd1 c5 52. Rhe1 c4 53. Rh1 Rg8 54. Rdf1 Rg7 55. Kc1 Kb6 56. Kd2 Kc6 57. Ke3 Kd7 58. Kf4 Re8 59. Rb1 Kc6 60. Rb4 Re6 61. Rhb1 Rb7 62. R1b2 Rb6 63. Rb1 Rb7 64. Rh1 Re8 65. Rf1 Re6 66. Re1 Rg7 67. Kf3 Rb7 68. Kg2 Rg7 {(=)} 69. Rh1 Re8 70. Rbb1 Rf7 71. Rbf1 Rg7 72. Kf3 Rf7 73. Ke3 Rg7 74. g4 hxg4 75. Rh6 Kd7 76. Rfh1 Reg8 77. Kf4 Ke6 78. Rb1 Rb8 79. Rbh1 Rbg8 80. Kg3 Rf8 81. Kf4 1/2-1/2

[Event "Solingen-ch 2023"]
[Site "Solingen"]
[Date "2023.10.27"]
[Round "5.9"]
[White "Fichtner, Ewald"]
[Black "Fetahovic, Sarah"]
[Result "1-0"]
[WhiteElo "2072"]
[BlackElo "1550"]
[PlyCount "63"]
[EventDate "2023.??.??"]
[WhiteTeam "SG Solingen"]
[BlackTeam "SG Solingen"]

1. d4 d5 2. Nf3 Nf6 3. c3 e6 4. Bf4 Bd6 5. e3 Bxf4 6. exf4 O-O 7. h4 b6 8. h5 c5 9. Ne5 Bb7 10. h6 g6 11. Nd2 Nc6 12. Ndf3 Ne4 13. Bb5 Rc8 14. O-O Rc7 15. Re1 Qf6 16. g3 g5 17. Ng4 Qf5 18. Nxg5 Nxg5 19. fxg5 Qxg5 20. Bxc6 Bxc6 21. Qe2 Rfc8 22. Rad1 Bd7 23. Kg2 f6 24. Qf3 Rf8 25. Rh1 Bc6 26. Ne3 Kh8 27. Rh4 e5 28. Rg4 e4 29. Qe2 Qxh6 30. Rh1 Qxh1+ 31. Kxh1 f5 32. Rf4 1-0

[Event "Solingen-ch 2023"]
[Site "Solingen"]
[Date "2023.10.27"]
[Round "5.10"]
[White "Helfer, Bernd"]
[Black "Görke, Joachim"]
[Result "0-1"]
[WhiteElo "1776"]
[BlackElo "2097"]
[PlyCount "32"]
[EventDate "2023.??.??"]
[WhiteTeam "SC Erkrath 1973"]
[BlackTeam "SG Solingen"]

1. c4 e5 2. g3 c6 3. Bg2 d5 4. b3 Be6 5. Nf3 f6 6. d3 dxc4 7. bxc4 e4 8. Nfd2 exd3 9. O-O Bc5 10. e3 Na6 11. Ne4 Be7 12. Qa4 f5 13. Bb2 fxe4 14. Bxe4 Nc5 15. Bxc6+ bxc6 16. Qxc6+ Kf7 0-1

[Event "Solingen-ch 2023"]
[Site "Solingen"]
[Date "2023.10.27"]
[Round "5.11"]
[White "Flesch, Stefan"]
[Black "Bock, Jürgen"]
[Result "1-0"]
[WhiteElo "2031"]
[BlackElo "1657"]
[PlyCount "81"]
[EventDate "2023.??.??"]
[WhiteTeam "SG Solingen"]
[BlackTeam "SC Düsseldorf Garath"]

1. d4 d5 2. Nf3 Nf6 3. e3 e6 4. b3 c5 5. Bb2 Nc6 6. Bd3 b6 7. a3 Bd6 8. O-O Qc7 9. c4 cxd4 10. exd4 O-O 11. Nc3 a6 12. Rc1 Bb7 13. Na4 dxc4 14. bxc4 Nd7 15. Re1 Rac8 16. h3 Qb8 17. Qe2 Na5 18. Nd2 Rfe8 19. Qg4 Nf6 20. Qe2 Bc6 21. Nc3 e5 22. d5 Bd7 23. Nce4 Nxe4 24. Nxe4 Bf8 25. Qh5 h6 26. Rc3 f5 27. Ng3 e4 28. Bf1 Nxc4 29. Bxc4 b5 30. Ba2 Qf4 31. Bc1 Qe5 32. Rxc8 Rxc8 33. Qe2 g6 34. Bb2 Qf4 35. Nf1 Bd6 36. g3 Qg5 37. h4 Qe7 38. Qe3 g5 39. Qd4 Kh7 40. hxg5 hxg5 41. Kg2 {ZÜ} 1-0

[Event "Solingen-ch 2023"]
[Site "Solingen"]
[Date "2023.10.27"]
[Round "5.12"]
[White "Atar, Efecan"]
[Black "Vranidis, Athanassios"]
[Result "1/2-1/2"]
[WhiteElo "1557"]
[BlackElo "1894"]
[PlyCount "64"]
[EventDate "2023.??.??"]
[WhiteTeam "SG Solingen"]
[BlackTeam "SG Solingen"]

1. c4 Nf6 2. Nf3 e6 3. g3 d5 4. Bg2 Be7 5. O-O O-O 6. d4 Nbd7 7. Nc3 c6 8. Qc2 b6 9. e4 dxe4 10. Nxe4 Nxe4 11. Qxe4 Bb7 12. Ne5 Nxe5 13. dxe5 Qc7 14. b3 Rad8 15. Bb2 Rd7 16. Rfd1 Rfd8 17. Rxd7 Rxd7 18. a4 a5 19. Bc3 c5 20. Qxb7 Qxb7 21. Bxb7 Rxb7 22. Rd1 Kf8 23. Kg2 Ke8 24. Kf3 Rd7 25. Rxd7 Kxd7 26. Ke4 Kc6 27. f4 g6 28. g4 Bh4 29. Bd2 Bf2 30. Bc3 Bg1 31. h3 Bf2 32. g5 Bg1 1/2-1/2

[Event "Solingen-ch 2023"]
[Site "Solingen"]
[Date "2023.10.27"]
[Round "5.13"]
[White "Schubert, Stefan"]
[Black "Loriguillo Gonzalez, Gregorio"]
[Result "0-1"]
[WhiteElo "1527"]
[BlackElo "1848"]
[PlyCount "50"]
[EventDate "2023.??.??"]
[WhiteTeam "SG Solingen"]
[BlackTeam "SG Solingen"]

1. c4 e6 2. g3 d5 3. Bg2 Nf6 4. Nf3 dxc4 5. Qa4+ Bd7 6. Qxc4 c5 7. Ne5 Nc6 8. Nd3 Na5 9. Qc2 Bd6 10. b3 Rc8 11. Nb2 b5 12. Nc3 c4 13. O-O cxb3 14. axb3 b4 15. Qd3 bxc3 16. Qxd6 cxb2 17. Bxb2 Qb6 18. Ba3 Qxd6 19. Bxd6 Nxb3 20. Rxa7 Nxd2 21. Rfa1 Nc4 22. Bb4 Nd5 23. Rd1 Nxb4 24. Rdxd7 O-O 25. Ra4 Nb6 0-1

[Event "Solingen-ch 2023"]
[Site "Solingen"]
[Date "2023.10.27"]
[Round "5.14"]
[White "Pernizki, Max"]
[Black "Linke, Marius"]
[Result "1-0"]
[WhiteElo "1466"]
[BlackElo "1753"]
[PlyCount "97"]
[EventDate "2023.??.??"]
[WhiteTeam "SG Solingen"]
[BlackTeam "SG Solingen"]

1. d4 d5 2. c4 c6 3. Nc3 Nf6 4. Nf3 dxc4 5. a4 Bf5 6. e3 e6 7. Bxc4 Bb4 8. O-O O-O 9. Re1 Nbd7 10. Bd3 Bg6 11. e4 c5 12. e5 Nd5 13. Bg5 Qa5 14. Nxd5 exd5 15. e6 Bxe1 16. exd7 Bb4 17. Be7 Rfd8 18. Bxd8 Rxd8 19. Bxg6 hxg6 20. Ne5 f6 21. dxc5 fxe5 22. Qxd5+ Kf8 23. Qd6+ Kf7 24. Rc1 Qxa4 25. Qd5+ Kf8 26. Qxb7 Rxd7 27. Qc8+ Ke7 28. h3 Rd1+ 29. Rxd1 Qxd1+ 30. Kh2 Qd7 31. Qb8 Ba5 32. Qxe5+ Kf8 33. g3 Bc7 34. Qc3 Qf5 35. Qe3 g5 36. b4 g4 37. h4 Qe5 38. Qd3 Qf6 39. Qd2 Qf3 40. b5 Ba5 41. Qc2 Be1 42. Kg1 Qc3 43. Qf5+ Qf6 44. Qc8+ Kf7 45. Qd7+ Kf8 46. Qc8+ Kf7 47. Qc7+ Kf8 48. Qb8+ Kf7 49. Qxa7+ 1-0

[Event "Solingen-ch 2023"]
[Site "Solingen"]
[Date "2023.10.27"]
[Round "5.15"]
[White "Fetahovic, Dzenan"]
[Black "Littek, Oliver"]
[Result "1/2-1/2"]
[WhiteElo "1828"]
[BlackElo "1563"]
[PlyCount "136"]
[EventDate "2023.??.??"]
[WhiteTeam "SG Solingen"]
[BlackTeam "SG Solingen"]

1. e4 e5 2. Nf3 Nc6 3. Bc4 Nf6 4. Nc3 Bc5 5. O-O d6 6. h3 O-O 7. Re1 h6 8. Na4 Bb6 9. Nxb6 axb6 10. c3 Nxe4 11. Rxe4 d5 12. Bxd5 Qxd5 13. Re1 e4 14. Nh2 Ne5 15. Re3 Bf5 16. Qe2 Nd3 17. a3 Rad8 18. Nf1 Bg6 19. Rg3 h5 20. h4 Qb3 21. Rb1 Ra8 22. Ra1 Nxc1 23. Rxc1 Qxb2 24. Rd1 Rxa3 25. Qc4 Qb3 26. Qe2 b5 27. Ne3 c6 28. Rg5 Qe6 29. Nc2 Ra2 30. Nd4 Qf6 31. Rf1 Rfa8 32. f3 Ra1 33. Rxa1 Rxa1+ 34. Kh2 Qd6+ 35. g3 exf3 36. Nxf3 Ra4 37. Re5 f6 38. Re6 Qd3 39. Qf2 Qf5 40. Qe3 Re4 41. Rxe4 Qxe4 42. Qxe4 Bxe4 43. Nd4 Kf7 44. Kg1 g5 45. Kf2 gxh4 46. gxh4 f5 47. Ke3 Kf6 48. Kf4 b6 49. Ne2 c5 50. Ng3 b4 51. Nxe4+ fxe4 52. cxb4 cxb4 53. Kxe4 b3 54. Kd3 b2 55. Kc2 Ke5 56. Kxb2 Kd4 57. Kc2 b5 58. d3 b4 59. Kb3 Kxd3 60. Kxb4 Ke4 61. Kc3 Kf3 62. Kd2 Kg3 63. Ke2 Kxh4 64. Kf1 Kh3 65. Kg1 Kg3 66. Kh1 h4 67. Kg1 h3 68. Kh1 h2 1/2-1/2